Il preservativo : tremila anni di amore protetto /

Uloženo v:
Podrobná bibliografie
Hlavní autor: Chevallier, Eric (Autor)
Další autoři: Damiani, Isabella, Gnocchi, Gene
Médium: Kniha
Jazyk:italština
Vydáno: Padova : F. Muzzio, 1993
Tagy: Přidat tag
Žádné tagy, Buďte první, kdo vytvoří štítek k tomuto záznamu!

MARC

LEADER 00000nam a22000007i 4500
001 IT\ICCU\RLZ\0052712
003 ItRI
005 20250727122601.0
008 020113s1993 it |||||| ||||| |||||c
020 |a 8870216640 
040 |b ita  |c ct 
041 7 |a ita  |2 ISO-639-2 
100 1 |a Chevallier, Eric  |0 IT\ICCU\RLZV\032243  |4 aut 
240 1 3 |a Le préservatif : trois mille ans d'amour protégé  |9 Chevallier, Eric 
245 1 3 |a Il preservativo :  |b tremila anni di amore protetto /  |c Eric Chevallier ; prefazione di Gene Gnocchi. 
260 |a Padova :  |b F. Muzzio,  |c 1993 
300 |a 45 p. :  |b ill. color. ;  |c 22 cm 
500 |a Traduzione Isabella Damiani. 
700 1 |a Damiani, Isabella  |0 IT\ICCU\CFIV\118754 
700 1 |a Gnocchi, Gene  |0 IT\ICCU\RAVV\065546 
942 |2 ddc  |c BK 
952 |0 0  |1 0  |2 ddc  |4 0  |6 B_SSA03CHEERPRE13  |7 0  |9 8361  |a MI  |b MI  |d 2003-03-14  |i 4363  |l 0  |o B-SSA03-CHEER-PRE13  |p CDOM4363  |r 2025-07-17 21:50:25  |w 2025-07-17  |x DONO  |y BK 
952 |0 0  |1 0  |2 ddc  |4 0  |6 B_SSA03CHEERPRE11  |7 0  |9 8362  |a MI  |b MI  |d 2005-10-07  |i 2997  |l 0  |o B-SSA03-CHEER-PRE11  |p CDOM2997  |r 2025-07-17 21:50:25  |w 2025-07-17  |x ACQUISTO  |y BK 
952 |0 0  |1 0  |2 ddc  |4 0  |6 B_SSA03CHEERPRE12  |7 0  |9 8363  |a MI  |b MI  |d 2005-10-07  |i 4978  |l 0  |o B-SSA03-CHEER-PRE12  |p CDOM4978  |r 2025-07-17 21:50:25  |w 2025-07-17  |x DONO  |y BK 
981 1 |6 z01  |a i   |b xxxe  
982 1 |6 z01  |a n 
999 |c 6968  |d 6968